| 000 | 01010cam a22002531 4500 | ||
|---|---|---|---|
| 001 | 000018635 | ||
| 005 | 20250128171937.0 | ||
| 008 | 740208s1966 gw 000 e ger | ||
| 040 |
_aDO-SdBNP _cOClU _dDLC _dBNPHU |
||
| 082 |
_aA864.44 _bB732d |
||
| 100 | 1 |
_aBorges, Jorge Luis, _d1899-1986 _94173 |
|
| 240 | 1 | 0 |
_aEssays. _lGerman. _kSelections |
| 245 | 1 | 4 |
_aDas Eine und die Vielen : _bEssays zur Literatur / _cJorge Luis Borges ; traducción Karl August Horst. |
| 260 |
_aMünchen : _bCarl Hanzer, _c1966. |
||
| 300 |
_a281p. ; _c21cm. |
||
| 500 | _aEnsayos seleccionados de: Historia de la eternidad, Discusión, y la Inquisición, etc. | ||
| 500 | _aLos ensayos restantes de estos tres trabajos han sido publicados por separado en la historia del título de la eternidad. | ||
| 650 | 4 |
_aEnsayos argentinos _910689 |
|
| 650 | 4 |
_aLiteratura argentina _93860 |
|
| 650 | 4 |
_aLiteratura moderna _916312 |
|
| 700 | 1 |
_aHorst, Karl August, _etr. _940270 |
|
| 910 | _aCatalogación derivada / LC | ||
| 049 | _aBNGR | ||
| 999 |
_c18155 _d18155 |
||